[Event "Liberec Open 2023 - A FIDE Open"]
[Site "Clarion Grandhotel Zlaty Lev, Liberec"]
[Date "2023.02.25"]
[Round "3"]
[Board "6"]
[White "Jires, Jiri"]
[Black "Kocharyan, Vache"]
[Result "1-0"]
[WhiteElo "2106"]
[BlackElo "1835"]
[PlyCount "103"]
[EventDate "2023.02.24"]
[EventRounds "9"]
[EventCountry "CZE"]

1. e4 e5 2. Nf3 Nc6 3. d4 exd4 4. Bc4 Bc5 5. c3 Nf6 6. e5 d5 7. Bb5 Ne4 8. cxd4 Bb6
9. Nc3 Ba5 10. Bd2 Nxd2 11. Nxd2 O-O 12. Bxc6 bxc6 13. Nb3 Bxc3+ 14. bxc3 Ba6 15.
Nc5 Bc4 16. f3 Rb8 17. Qd2 Qe7 18. Kf2 Rb6 19. Rhb1 Rfb8 20. Qc2 Qh4+ 21. Kg1 Qf4
22. Nd7 Qe3+ 23. Kh1 Qxc3 24. Qxc3 Rxb1+ 25. Qc1 Rxc1+ 26. Rxc1 Rb2 27. a4 a6 28.
h4 Rd2 29. Rb1 h5 30. Rb8+ Kh7 31. Nf8+ Kh6 32. e6 fxe6 33. Nxe6 Kg6 34. Rf8 c5 35.
f4 Rf2 36. Nxc5 c6 37. Nd7 Kh7 38. Ne5 Rf1+ 39. Kh2 Bb3 40. f5 Bd1 41. Ng6 Rxf5 42.
Rxf5 Kxg6 43. Rg5+ Kf6 44. a5 Be2 45. Kg3 g6 46. Kf4 Bf1 47. Ke3 Bc4 48. Kd2 Bf1
49. Kc3 Be2 50. Kb4 Bd3 51. Kc5 Bb5 52. Kd6  1-0

[Event "Liberec Open 2023 - A FIDE Open"]
[Site "Clarion Grandhotel Zlaty Lev, Liberec"]
[Date "2023.02.25"]
[Round "3"]
[Board "7"]
[White "Chubar, Vladimir"]
[Black "Lohia, Sohum"]
[Result "0-1"]
[WhiteElo "1802"]
[BlackElo "2105"]
[PlyCount "116"]
[EventDate "2023.02.24"]
[EventRounds "9"]
[EventCountry "CZE"]

1. d4 Nf6 2. Nf3 e6 3. Bg5 h6 4. Bh4 d6 5. Nbd2 g5 6. Bg3 Nh5 7. e4 Bg7 8. c3 Nd7
9. Bc4 Qe7 10. O-O O-O 11. Re1 Nxg3 12. hxg3 b6 13. Qe2 Bb7 14. Ba6 Bxa6 15. Qxa6
c6 16. a4 g4 17. Nh2 Qg5 18. Nhf1 c5 19. Qb7 Rfd8 20. f4 gxf3 21. Nxf3 Qe7 22. d5
Rdb8 23. Qc6 Rc8 24. Qb7 Kf8 25. a5 Ne5 26. Qa6 bxa5 27. Rxa5 exd5 28. Nh4 Nc4 29.
Rb5 Rab8 30. b3 Nb6 31. Nf5 Qd7 32. Nxg7 Kxg7 33. exd5 Re8 34. Rxe8 Rxe8 35. Ra5
Nxd5 36. Qd3 Nf6 37. Ra6 Ne4 38. Ne3 Qe6 39. g4 Ng3 40. Nf5+ Nxf5 41. gxf5 Qe3+ 42.
Qxe3 Rxe3 43. Rxd6 Rxc3 44. Rc6 h5 45. Kh2 h4 46. Kg1 Rxb3 47. Rxc5 Ra3 48. Kh2 Kf6
49. Rb5 Kg5 50. Rc5 f6 51. Rb5 a5 52. Rc5 Ra1 53. Rb5 a4 54. Ra5 Kg4 55. Rb5 a3 56.
Rb4+ Kg5 57. Ra4 a2 58. Ra5 Kg4  0-1

[Event "Liberec Open 2023 - A FIDE Open"]
[Site "Clarion Grandhotel Zlaty Lev, Liberec"]
[Date "2023.02.25"]
[Round "3"]
[Board "10"]
[White "Luebke, Florentin"]
[Black "Hanisch, Paul"]
[Result "1/2-1/2"]
[WhiteElo "1980"]
[BlackElo "1683"]
[PlyCount "53"]
[EventDate "2023.02.24"]
[EventRounds "9"]
[EventCountry "CZE"]

1. e4 e5 2. Nf3 Nf6 3. Nxe5 d6 4. Nf3 Nxe4 5. Nc3 Nxc3 6. dxc3 Be7 7. Be3 Nd7 8.
Qd2 Nf6 9. Bd3 Be6 10. O-O-O O-O 11. Kb1 c5 12. Ng5 d5 13. Rhe1 Re8 14. Bf4 Bd6 15.
Be5 Bxe5 16. Rxe5 h6 17. Nxe6 Rxe6 18. Rxe6 fxe6 19. Qe2 Qd6 20. f4 Re8 21. Qf3 e5
22. fxe5 Qxe5 23. c4 dxc4 24. Bxc4+ Kh8 25. Bb5 Rb8 26. g3 a6 27. Qe2  1/2-1/2

[Event "Liberec Open 2023 - A FIDE Open"]
[Site "Clarion Grandhotel Zlaty Lev, Liberec"]
[Date "2023.02.25"]
[Round "3"]
[Board "11"]
[White "Bindrich, Oswald"]
[Black "Ochedzan, Filip"]
[Result "0-1"]
[WhiteElo "2105"]
[BlackElo "1930"]
[PlyCount "54"]
[EventDate "2023.02.24"]
[EventRounds "9"]
[EventCountry "CZE"]

1. e4 c5 2. Nf3 d6 3. d4 cxd4 4. Nxd4 Nf6 5. Nc3 a6 6. Bg5 e6 7. f4 Be7 8. Qf3 Qc7
9. O-O-O Nbd7 10. g4 b5 11. Bxf6 Nxf6 12. g5 Nd7 13. f5 O-O 14. f6 gxf6 15. gxf6
Nxf6 16. Bd3 Bb7 17. Qh3 Qc5 18. Qh6 Ng4 19. Qh3 Nf2 20. Qe3 Nxd1 21. Rxd1 Kh8 22.
e5 Qxe5 23. Qh3 f5 24. Nce2 Rg8 25. Nxe6 Qxe6 26. Bxf5 Bg5+ 27. Kb1 Qh6  0-1

[Event "Liberec Open 2023 - A FIDE Open"]
[Site "Clarion Grandhotel Zlaty Lev, Liberec"]
[Date "2023.02.25"]
[Round "3"]
[Board "12"]
[White "Kettenburg, Stefan, Dr."]
[Black "Hradsky, Ales"]
[Result "1/2-1/2"]
[WhiteElo "2046"]
[BlackElo "1806"]
[PlyCount "80"]
[EventDate "2023.02.24"]
[EventRounds "9"]
[EventCountry "CZE"]

1. d4 e6 2. Nf3 f5 3. c4 Nf6 4. Nc3 Be7 5. e3 O-O 6. Be2 d6 7. O-O c6 8. Qc2 Qe8
9. e4 fxe4 10. Nxe4 Nbd7 11. Neg5 Bd8 12. Bd3 h6 13. Bg6 Qe7 14. Nxe6 Qxe6 15. Re1
Ne5 16. dxe5 Ng4 17. Nd4 Qe7 18. f3 Nxh2 19. e6 Qh4 20. Bf7+ Rxf7 21. exf7+ Kxf7
22. Re4 Qh5 23. Bf4 Nxf3+ 24. Nxf3 Bf5 25. Bxd6 Bxe4 26. Qxe4 Bb6+ 27. c5 Bxc5+ 28.
Bxc5 Qxc5+ 29. Qd4 Qxd4+ 30. Nxd4 Rd8 31. Rf1+ Kg6 32. Ne6 Rd6 33. Nc5 b6 34. Ne4
Re6 35. Nc3 a5 36. Kf2 Rf6+ 37. Ke2 Rxf1 38. Kxf1 Kf5 39. Kf2 h5 40. Ne2 Ke5  1/2-1/2

[Event "Liberec Open 2023 - A FIDE Open"]
[Site "Clarion Grandhotel Zlaty Lev, Liberec"]
[Date "2023.02.26"]
[Round "4"]
[Board "1"]
[White "Belaska, Premysl"]
[Black "Lajbl, Jan"]
[Result "1/2-1/2"]
[WhiteElo "2196"]
[BlackElo "2255"]
[PlyCount "36"]
[EventDate "2023.02.24"]
[EventRounds "9"]
[EventCountry "CZE"]

1. e4 c5 2. b3 Nc6 3. Bb2 e5 4. Nf3 d6 5. Bc4 Be7 6. O-O Nf6 7. Re1 Bg4 8. c3 O-O
9. Na3 a6 10. Nc2 b5 11. Bf1 d5 12. exd5 Nxd5 13. c4 bxc4 14. Bxc4 Nb6 15. Ne3 Nxc4
16. bxc4 Bxf3 17. Qxf3 Nd4 18. Bxd4 exd4  1/2-1/2

[Event "Liberec Open 2023 - A FIDE Open"]
[Site "Clarion Grandhotel Zlaty Lev, Liberec"]
[Date "2023.02.26"]
[Round "4"]
[Board "2"]
[White "Ochedzan, Tymon"]
[Black "Jires, Jiri"]
[Result "1-0"]
[WhiteElo "2240"]
[BlackElo "2106"]
[PlyCount "77"]
[EventDate "2023.02.24"]
[EventRounds "9"]
[EventCountry "CZE"]

1. e4 e5 2. Nf3 Nc6 3. Bb5 a6 4. Ba4 Nf6 5. O-O Be7 6. Re1 b5 7. Bb3 O-O 8. d4 d6
9. c3 Bg4 10. Be3 Na5 11. dxe5 Bxf3 12. Qxf3 dxe5 13. Nd2 Qc8 14. Bc2 Ng4 15. b4
Nxe3 16. Rxe3 Nb7 17. Qh5 Bf6 18. Rh3 h6 19. Bb3 Nd8 20. Rg3 Kh8 21. Nf3 Kh7 22.
Nxe5 Bxe5 23. Qxe5 g6 24. Rd1 Nb7 25. Qf6 Qe8 26. e5 Rd8 27. Rgd3 Rxd3 28. Rxd3 Nd6
29. h4 Nf5 30. f4 c6 31. Kh2 h5 32. Bd1 Qe7 33. Qxe7 Nxe7 34. Bf3 Nf5 35. Bxc6 Nxh4
36. Bb7 Rb8 37. Bxa6 Ra8 38. Bxb5 Rxa2 39. Bc6  1-0

[Event "Liberec Open 2023 - A FIDE Open"]
[Site "Clarion Grandhotel Zlaty Lev, Liberec"]
[Date "2023.02.26"]
[Round "4"]
[Board "3"]
[White "Lohia, Sohum"]
[Black "Dambrauskas, Virginijus"]
[Result "1-0"]
[WhiteElo "2105"]
[BlackElo "2220"]
[PlyCount "87"]
[EventDate "2023.02.24"]
[EventRounds "9"]
[EventCountry "CZE"]

1. e4 c5 2. Nf3 e6 3. d4 cxd4 4. Nxd4 a6 5. c4 Nf6 6. Nc3 d6 7. Be2 Qc7 8. Be3 Nbd7
9. Rc1 b6 10. O-O Bb7 11. f3 Be7 12. b4 Rc8 13. a3 Qb8 14. Qd2 O-O 15. Rfd1 Bd8 16.
Nb3 Bc7 17. Bf4 Ne8 18. Bg3 Ndf6 19. c5 dxc5 20. Bxc7 Rxc7 21. bxc5 bxc5 22. Na4
Bxe4 23. Nbxc5 Bc6 24. Nxa6 Qa7+ 25. Qd4 Qxd4+ 26. Rxd4 Rd7 27. Rxd7 Bxd7 28. Nb6
e5 29. Rc5 Be6 30. Rxe5 Nd6 31. a4 Nc8 32. a5 Na7 33. Rc5 Ne8 34. Nc7 Nd6 35. Nxe6
fxe6 36. Rc7 Rf7 37. Nd7 Nac8 38. Ba6 Ne7 39. Nb6 Ne8 40. Ra7 Nd5 41. Rxf7 Kxf7 42.
Nxd5 exd5 43. Bb7 Nc7 44. a6  1-0

[Event "Liberec Open 2023 - A FIDE Open"]
[Site "Clarion Grandhotel Zlaty Lev, Liberec"]
[Date "2023.02.26"]
[Round "4"]
[Board "5"]
[White "Dusbaba, Karel"]
[Black "Jeute, Peter"]
[Result "1-0"]
[WhiteElo "2035"]
[BlackElo "1908"]
[PlyCount "139"]
[EventDate "2023.02.24"]
[EventRounds "9"]
[EventCountry "CZE"]

1. c4 c5 2. Nc3 e6 3. Nf3 d5 4. cxd5 exd5 5. d4 Nc6 6. g3 Nf6 7. Bg2 Be7 8. O-O O-O
9. Bg5 c4 10. Ne5 Be6 11. Nxc6 bxc6 12. b3 Bb4 13. Na4 cxb3 14. Qxb3 a5 15. Rfc1
Rc8 16. Nc5 Bg4 17. Qd3 h6 18. Bxf6 Qxf6 19. e3 Bf5 20. Qb3 Bd2 21. Rd1 Rb8 22. Qa3
Bb4 23. Qc1 Rb5 24. Nd3 Be7 25. Qc3 Bxd3 26. Qxd3 Rfb8 27. Rab1 Rxb1 28. Rxb1 Rxb1+
29. Qxb1 Bb4 30. Qd3 Be1 31. Qc2 g6 32. a3 a4 33. Kf1 Ba5 34. Qxa4 Bc7 35. Qc2 Qd6
36. Qc3 Bb6 37. a4 Qc7 38. e4 Qb7 39. exd5 cxd5 40. Kg1 Qa7 41. Bxd5 Bxd4 42. Qd2
Qxa4 43. Qxh6 Qd1+ 44. Kg2 Bg7 45. Qg5 Qd4 46. Qd8+ Kh7 47. Qd7 Qf6 48. Bxf7 Qf5
49. Qb7 Kh6 50. Bg8 Qe5 51. h4 Qf5 52. Kg1 Qg4 53. Qd5 Qf5 54. Qd2+ g5 55. Bb3 Qb1+
56. Bd1 Qb5 57. Qd6+ Kh7 58. Bc2+ Kg8 59. Qd8+ Kf7 60. hxg5 Qb2 61. Qd5+ Ke7 62.
Qe4+ Kd6 63. Kg2 Qe5 64. f4 Qxe4+ 65. Bxe4 Ke7 66. Kf3 Kf8 67. f5 Be5 68. f6 Kf7
69. Kg4 Ke6 70. Bc2  1-0

[Event "Liberec Open 2023 - A FIDE Open"]
[Site "Clarion Grandhotel Zlaty Lev, Liberec"]
[Date "2023.02.26"]
[Round "4"]
[Board "6"]
[White "Hiemer, Bernd"]
[Black "Peglau, Markus, Dr."]
[Result "1-0"]
[WhiteElo "2007"]
[BlackElo "1778"]
[PlyCount "99"]
[EventDate "2023.02.24"]
[EventRounds "9"]
[EventCountry "CZE"]

1. e4 c5 2. Nc3 Nc6 3. g3 g6 4. Bg2 Bg7 5. d3 e6 6. Be3 Nd4 7. Qd2 Ne7 8. Nf3 Nec6
9. Ng5 b5 10. O-O O-O 11. Nd1 f6 12. Nh3 e5 13. f4 d6 14. f5 Ne7 15. c3 Ndc6 16.
g4 g5 17. Kh1 b4 18. Ng1 a5 19. Nf3 h6 20. h4 a4 21. a3 bxc3 22. bxc3 Na5 23. hxg5
Nb3 24. Qa2 hxg5 25. Nd2 Rb8 26. Rb1 Qb6 27. Nb2 Bd7 28. Nbc4 Qa6 29. Nxb3 axb3 30.
Rxb3 Kh7 31. Rfb1 Rxb3 32. Qxb3 Bc6 33. Rb2 Ra8 34. Bf3 Nc8 35. Nxe5 c4 36. Nxc4
Ba4 37. Qb7 Qxb7 38. Rxb7 Bc2 39. Be2 Kg8 40. Kg2 Kf8 41. Kf3 Ne7 42. Bb6 d5 43.
Ne3 dxe4+ 44. Kxe4 Ba4 45. Ra7 Bc6+ 46. Kd4 Rb8 47. Bc5 Rd8+ 48. Kc4 Rd7 49. Rxd7
Bxd7 50. Nd5  1-0

[Event "Liberec Open 2023 - A FIDE Open"]
[Site "Clarion Grandhotel Zlaty Lev, Liberec"]
[Date "2023.02.26"]
[Round "4"]
[Board "7"]
[White "Oglaza, Dawid"]
[Black "Porschberg, Thomas"]
[Result "1/2-1/2"]
[WhiteElo "1798"]
[BlackElo "2004"]
[PlyCount "58"]
[EventDate "2023.02.24"]
[EventRounds "9"]
[EventCountry "CZE"]

1. e4 e5 2. Nf3 Nf6 3. Nxe5 d6 4. Nf3 Nxe4 5. d4 d5 6. Bd3 Bd6 7. h3 O-O 8. O-O Bf5
9. Re1 Bg6 10. c4 c6 11. Nc3 Nxc3 12. bxc3 Bxd3 13. Qxd3 dxc4 14. Qxc4 Nd7 15. Qb3
Qb6 16. Ba3 Qxb3 17. axb3 Bxa3 18. Rxa3 a6 19. Re7 Rad8 20. Ra1 Rfe8 21. Rae1 Rxe7
22. Rxe7 Kf8 23. Re3 Re8 24. Kf1 Rxe3 25. fxe3 Nf6 26. Ke2 Ne4 27. Kd3 f5 28. Ne5
Ke7 29. c4 Kd6  1/2-1/2

[Event "Liberec Open 2023 - A FIDE Open"]
[Site "Clarion Grandhotel Zlaty Lev, Liberec"]
[Date "2023.02.26"]
[Round "4"]
[Board "9"]
[White "Fojcik, Kacper"]
[Black "Luebke, Florentin"]
[Result "0-1"]
[WhiteElo "1541"]
[BlackElo "1980"]
[PlyCount "130"]
[EventDate "2023.02.24"]
[EventRounds "9"]
[EventCountry "CZE"]

1. d4 Nf6 2. c4 e6 3. Nf3 d5 4. g3 Be7 5. Bg2 O-O 6. O-O dxc4 7. Ne5 c5 8. dxc5 Bxc5
9. Nc3 Qc7 10. Bf4 Nh5 11. Ng6 Nxf4 12. Nxf4 Bd7 13. Ne4 Be7 14. Qc2 Bb5 15. b3 Nc6
16. bxc4 Nd4 17. Qc3 Qxc4 18. Qxc4 Bxc4 19. Rfc1 Rac8 20. e3 Ne2+ 21. Nxe2 Bxe2 22.
Nc3 Ba6 23. Ne4 Ba3 24. Rd1 Rfd8 25. Bf1 Bxf1 26. Kxf1 Rxd1+ 27. Rxd1 h6 28. Rd7
f5 29. Nd6 Rc1+ 30. Kg2 Bxd6 31. Rxd6 Rc2 32. Rd7 Rb2 33. a4 Kh7 34. Re7 Rb4 35.
a5 Ra4 36. Rxb7 Rxa5 37. Kf3 Kg6 38. h4 h5 39. Rc7 Ra1 40. Re7 Kf6 41. Rb7 a5 42.
Ra7 g6 43. Ra6 Ke5 44. Ke2 Kd5 45. Kf3 Ra2 46. Kg2 a4 47. Kf3 a3 48. Kg2 Ra1 49.
Kf3 Ra2 50. Kg2 Kc4 51. Ra8 Kb3 52. Rb8+ Kc2 53. Ra8 Ra1 54. Kf3 Kb2 55. Kf4 Rb1
56. Kg5 a2 57. Rb8+ Kc3 58. Ra8 a1=Q 59. Rxa1 Rxa1 60. Kxg6 Kd3 61. Kxh5 Ke2 62.
f4 Kxe3 63. Kg5 Kf3 64. h5 Kxg3 65. h6 Rh1  0-1

[Event "Liberec Open 2023 - A FIDE Open"]
[Site "Clarion Grandhotel Zlaty Lev, Liberec"]
[Date "2023.02.26"]
[Round "4"]
[Board "10"]
[White "Hanisch, Paul"]
[Black "Goluch, Piotr"]
[Result "0-1"]
[WhiteElo "1683"]
[BlackElo "2328"]
[PlyCount "42"]
[EventDate "2023.02.24"]
[EventRounds "9"]
[EventCountry "CZE"]

1. e4 c6 2. d4 d5 3. e5 c5 4. Nf3 Nc6 5. Bb5 Bg4 6. c3 e6 7. Qa4 Nge7 8. Bg5 Bxf3
9. gxf3 Qc7 10. Bxe7 Bxe7 11. Bxc6+ bxc6 12. h4 Rb8 13. b3 O-O 14. Nd2 f6 15. f4
fxe5 16. fxe5 Rf4 17. O-O-O cxd4 18. c4 d3 19. Rh3 Qxe5 20. Rxd3 Bf6 21. Qa3 Rxf2
 0-1

[Event "Liberec Open 2023 - A FIDE Open"]
[Site "Clarion Grandhotel Zlaty Lev, Liberec"]
[Date "2023.02.26"]
[Round "4"]
[Board "12"]
[White "Bruna, Matous"]
[Black "Saglam, Buelent"]
[Result "0-1"]
[WhiteElo "1867"]
[BlackElo "2115"]
[PlyCount "120"]
[EventDate "2023.02.24"]
[EventRounds "9"]
[EventCountry "CZE"]

1. e4 c5 2. Nc3 g6 3. g3 Bg7 4. Bg2 d6 5. d3 Nc6 6. Be3 Nd4 7. Qd2 Qa5 8. h3 Be6
9. f4 h5 10. Nf3 Nxf3+ 11. Bxf3 Bd4 12. Nd1 Qa4 13. c3 Bxe3 14. Nxe3 Qd7 15. Bg2
Nf6 16. Qf2 Qb5 17. c4 Qb4+ 18. Qd2 Qxd2+ 19. Kxd2 h4 20. g4 g5 21. Rhf1 gxf4 22.
Rxf4 Nd7 23. Nf5 Rh7 24. g5 Ne5 25. Nxh4 Rh5 26. Nf5 Rxg5 27. Rf2 Bxf5 28. exf5 Rg3
29. Be4 Rxh3 30. Rg1 O-O-O 31. Rg7 Rdh8 32. Rfg2 Rh2 33. Rxh2 Rxh2+ 34. Kc3 Rh8 35.
Bd5 Rf8 36. d4 cxd4+ 37. Kxd4 b6 38. b4 Kc7 39. Rh7 Kd7 40. c5 bxc5+ 41. bxc5 Nc6+
42. Kc4 dxc5 43. Kxc5 Ne5 44. Kd4 Kd6 45. Rh6+ f6 46. Be6 Rb8 47. Rh3 Rb4+ 48. Kc3
Rf4 49. Rh8 Rf3+ 50. Kc2 Nc6 51. Kb2 a5 52. Ra8 Re3 53. Ra6 Re5 54. Ra8 Kc5 55. Rc8
Kb6 56. Kc3 Rc5+ 57. Kb2 Nd4 58. Rb8+ Kc7 59. Rc8+ Kd6 60. Rd8+ Ke5  0-1

[Event "Liberec Open 2023 - A FIDE Open"]
[Site "Clarion Grandhotel Zlaty Lev, Liberec"]
[Date "2023.02.26"]
[Round "4"]
[Board "13"]
[White "Cakl, Zdenek"]
[Black "Peglau, Dora"]
[Result "1-0"]
[WhiteElo "2079"]
[BlackElo "1859"]
[PlyCount "59"]
[EventDate "2023.02.24"]
[EventRounds "9"]
[EventCountry "CZE"]

1. Nf3 d5 2. b3 Nf6 3. Bb2 g6 4. c4 Bg7 5. g3 O-O 6. Bg2 c5 7. cxd5 Nxd5 8. Bxg7
Kxg7 9. O-O Nc6 10. d4 cxd4 11. Nxd4 Nxd4 12. Qxd4+ Nf6 13. Qe5 Qb6 14. Nc3 Be6 15.
Na4 Qb4 16. Nc5 Bd5 17. Qxe7 Kg8 18. Qxf6 Qxc5 19. Rac1 Qa5 20. Qe5 Rad8 21. Rfd1
Rfe8 22. Qg5 h6 23. Rxd5 Qa3 24. Qxh6 Rc8 25. Rxc8 Rxc8 26. Bf3 Qxa2 27. Rd3 b5 28.
Bd5 Qa1+ 29. Kg2 Qa6 30. Rd4  1-0

[Event "Liberec Open 2023 - A FIDE Open"]
[Site "Clarion Grandhotel Zlaty Lev, Liberec"]
[Date "2023.02.27"]
[Round "5"]
[Board "1"]
[White "Lohia, Sohum"]
[Black "Ochedzan, Tymon"]
[Result "1/2-1/2"]
[WhiteElo "2105"]
[BlackElo "2240"]
[PlyCount "97"]
[EventDate "2023.02.24"]
[EventRounds "9"]
[EventCountry "CZE"]

1. e4 c5 2. Nf3 d6 3. d4 cxd4 4. Nxd4 Nf6 5. Nc3 a6 6. h3 e5 7. Nde2 b5 8. g4 b4
9. Nd5 Nxd5 10. Qxd5 Ra7 11. Be3 Be6 12. Qd2 Rd7 13. Bg2 d5 14. O-O d4 15. Bg5 f6
16. Bh4 g5 17. Bg3 d3 18. Nc1 dxc2 19. Qxc2 Rd2 20. Qa4+ Bd7 21. Qb3 Nc6 22. Qe3
Be6 23. Nb3 Rd3 24. Qe2 Bc4 25. Rfd1 Nd4 26. Nxd4 Qxd4 27. Rxd3 Qxd3 28. Qxd3 Bxd3
29. Rd1 Bb5 30. Bf1 Bc6 31. f3 a5 32. Bf2 Be7 33. Bc4 Kf8 34. Bd5 Bb5 35. Rc1 Bd6
36. Bb6 a4 37. Bc6 Bxc6 38. Rxc6 Ke7 39. Bc7 Kd7 40. Rxd6+ Kxc7 41. Ra6 Rd8 42. Rxa4
Rd1+ 43. Kf2 Rd2+ 44. Ke3 Rxb2 45. Ra7+ Kb6 46. Ra8 Kc5 47. Rc8+ Kb5 48. Rb8+ Kc4
49. Rc8+  1/2-1/2

[Event "Liberec Open 2023 - A FIDE Open"]
[Site "Clarion Grandhotel Zlaty Lev, Liberec"]
[Date "2023.02.27"]
[Round "5"]
[Board "2"]
[White "Lajbl, Jan"]
[Black "Dusbaba, Karel"]
[Result "1-0"]
[WhiteElo "2255"]
[BlackElo "2035"]
[PlyCount "55"]
[EventDate "2023.02.24"]
[EventRounds "9"]
[EventCountry "CZE"]

1. e4 e6 2. d4 d5 3. Nd2 Nf6 4. e5 Nfd7 5. c3 c5 6. f4 Nc6 7. Ndf3 Qb6 8. a3 a5 9.
b3 Be7 10. h4 Nf8 11. Bd3 Bd7 12. Ne2 Na7 13. O-O cxd4 14. cxd4 Bb5 15. Be3 Bxd3
16. Qxd3 Ng6 17. Bf2 Bd8 18. h5 Ne7 19. g4 Qb5 20. Qe3 Rc8 21. Rfc1 O-O 22. Ng3 Bb6
23. f5 exf5 24. gxf5 Rxc1+ 25. Rxc1 Kh8 26. f6 Nec6 27. fxg7+ Kxg7 28. Qg5+  1-0

[Event "Liberec Open 2023 - A FIDE Open"]
[Site "Clarion Grandhotel Zlaty Lev, Liberec"]
[Date "2023.02.27"]
[Round "5"]
[Board "3"]
[White "Luebke, Florentin"]
[Black "Belaska, Premysl"]
[Result "0-1"]
[WhiteElo "1980"]
[BlackElo "2196"]
[PlyCount "60"]
[EventDate "2023.02.24"]
[EventRounds "9"]
[EventCountry "CZE"]

1. e4 c5 2. Nf3 e6 3. d4 cxd4 4. Nxd4 a6 5. Nc3 Qc7 6. Qf3 Nc6 7. Be3 Nf6 8. O-O-O
d6 9. Qg3 Bd7 10. f4 b5 11. Bxb5 axb5 12. Ndxb5 Qb8 13. e5 dxe5 14. fxe5 Ne4 15.
Qf3 Nxc3 16. Rhf1 Nxe5 17. Nc7+ Qxc7 18. Qxa8+ Qc8 19. Qxc8+ Bxc8 20. bxc3 Nc4 21.
Bf4 Bc5 22. Rfe1 Bb7 23. Bc7 Ke7 24. Be5 Bc6 25. Rd3 f6 26. Bf4 e5 27. Kb1 Rb8+ 28.
Ka1 Na3 29. Rd2 Be4 30. Rxe4 Rb1#  0-1

[Event "Liberec Open 2023 - A FIDE Open"]
[Site "Clarion Grandhotel Zlaty Lev, Liberec"]
[Date "2023.02.27"]
[Round "5"]
[Board "4"]
[White "Zysko, Jan"]
[Black "Hiemer, Bernd"]
[Result "1-0"]
[WhiteElo "2135"]
[BlackElo "2007"]
[PlyCount "69"]
[EventDate "2023.02.24"]
[EventRounds "9"]
[EventCountry "CZE"]

1. e4 d6 2. d4 Nf6 3. Nc3 g6 4. Be3 Bg7 5. Qd2 c6 6. Bh6 O-O 7. h4 b5 8. Bxg7 Kxg7
9. h5 e5 10. hxg6 fxg6 11. O-O-O Qe7 12. f3 a5 13. Kb1 Ra7 14. Nge2 Nh5 15. Qe3 a4
16. a3 Rb7 17. g4 Nf4 18. Nxf4 exf4 19. Qd2 b4 20. Nxa4 bxa3 21. b3 Bd7 22. Qc3 Ra7
23. Bc4 d5 24. Bd3 Be6 25. e5 Nd7 26. Qxc6 Rb8 27. Ka2 Bf7 28. Qc3 Be6 29. Qd2 Rxa4
30. bxa4 Rb4 31. Bb5 Nb6 32. Rb1 Rb2+ 33. Rxb2 axb2 34. Qxf4 Nc4 35. Qf6+  1-0

[Event "Liberec Open 2023 - A FIDE Open"]
[Site "Clarion Grandhotel Zlaty Lev, Liberec"]
[Date "2023.02.27"]
[Round "5"]
[Board "5"]
[White "Goluch, Piotr"]
[Black "Smietanska, Wiktoria"]
[Result "1-0"]
[WhiteElo "2328"]
[BlackElo "1951"]
[PlyCount "69"]
[EventDate "2023.02.24"]
[EventRounds "9"]
[EventCountry "CZE"]

1. d4 d5 2. c4 c6 3. Nf3 Nf6 4. e3 e6 5. b3 Ne4 6. Bd3 Bb4+ 7. Nbd2 Nd7 8. O-O f5
9. Qc2 O-O 10. Nb1 Qe7 11. Ne5 Bd6 12. Bb2 Qg5 13. Qc1 Nxe5 14. dxe5 Be7 15. f4 Qg6
16. Ba3 Qf7 17. Bxe4 fxe4 18. Bxe7 Qxe7 19. Nc3 b6 20. Ne2 Ba6 21. Nd4 c5 22. Qa3
Bb7 23. Nb5 Bc6 24. Nd6 g5 25. cxd5 exd5 26. b4 c4 27. Qc3 gxf4 28. exf4 b5 29. f5
a5 30. f6 Qa7+ 31. Kh1 e3 32. Qe1 d4 33. e6 Kh8 34. e7 Rfb8 35. Qg3  1-0

[Event "Liberec Open 2023 - A FIDE Open"]
[Site "Clarion Grandhotel Zlaty Lev, Liberec"]
[Date "2023.02.27"]
[Round "5"]
[Board "8"]
[White "Jires, Jiri"]
[Black "Oglaza, Dawid"]
[Result "1/2-1/2"]
[WhiteElo "2106"]
[BlackElo "1798"]
[PlyCount "94"]
[EventDate "2023.02.24"]
[EventRounds "9"]
[EventCountry "CZE"]

1. e4 c5 2. Nf3 Nc6 3. d4 cxd4 4. Nxd4 Nf6 5. Nc3 d6 6. Bg5 e6 7. Qd3 a6 8. Nxc6
bxc6 9. O-O-O h6 10. Bh4 Be7 11. f4 d5 12. Be2 Rb8 13. exd5 cxd5 14. Kb1 Nd7 15.
Bxe7 Qxe7 16. f5 O-O 17. Rhf1 Nf6 18. g4 Bd7 19. h3 Rfc8 20. Rf3 Qb4 21. b3 Ne4 22.
Nxe4 dxe4 23. Qxd7 exf3 24. Bxf3 Qc3 25. Be4 Qf6 26. fxe6 Rd8 27. Qxf7+ Qxf7 28.
exf7+ Kxf7 29. Bd3 a5 30. a4 Kg8 31. Kb2 Kh8 32. Rf1 Rf8 33. Rxf8+ Rxf8 34. Bf5 Re8
35. h4 Kg8 36. h5 Kf8 37. Kc3 Rb8 38. Kc4 Ke7 39. c3 Kd6 40. b4 axb4 41. cxb4 Kc6
42. a5 Re8 43. b5+ Kb7 44. Kb4 Re7 45. b6 Re5 46. Bd7 Re4+ 47. Kb5 Re5+  1/2-1/2

[Event "Liberec Open 2023 - A FIDE Open"]
[Site "Clarion Grandhotel Zlaty Lev, Liberec"]
[Date "2023.02.27"]
[Round "5"]
[Board "14"]
[White "Zabrzanska, Weronika"]
[Black "Peglau, Markus, Dr."]
[Result "1-0"]
[WhiteElo "2021"]
[BlackElo "1778"]
[PlyCount "75"]
[EventDate "2023.02.24"]
[EventRounds "9"]
[EventCountry "CZE"]

1. e4 e6 2. d4 d5 3. exd5 exd5 4. Nf3 Nf6 5. Bd3 Bd6 6. O-O O-O 7. c3 c6 8. Re1 Bg4
9. Nbd2 Nbd7 10. Nf1 Bh5 11. Ng3 Bg6 12. Nf5 Bxf5 13. Bxf5 h6 14. Bd2 Qc7 15. h3
Rfe8 16. Qc2 Nf8 17. Rad1 Rad8 18. Bc1 Qb8 19. Kh1 Rxe1+ 20. Rxe1 Re8 21. Re2 Qd8
22. Ne5 Re7 23. Re3 Qc7 24. Qe2 N8h7 25. f4 Nf8 26. Bc2 N6h7 27. Qh5 Nf6 28. Qh4
Ne6 29. Rg3 Kf8 30. Be3 Ne4 31. Bxe4 dxe4 32. f5 Bxe5 33. dxe5 Ng5 34. f6 Qxe5 35.
Bxg5 Re6 36. fxg7+ Kg8 37. Bxh6 Rd6 38. Bd2  1-0

[Event "Liberec Open 2023 - A FIDE Open"]
[Site "Clarion Grandhotel Zlaty Lev, Liberec"]
[Date "2023.02.27"]
[Round "5"]
[Board "18"]
[White "Jeute, Peter"]
[Black "Haasova, Timea"]
[Result "0-1"]
[WhiteElo "1908"]
[BlackElo "1728"]
[PlyCount "76"]
[EventDate "2023.02.24"]
[EventRounds "9"]
[EventCountry "CZE"]

1. d4 d5 2. Nf3 Nf6 3. e3 e6 4. Bd3 c5 5. c3 Nc6 6. O-O Bd6 7. Nbd2 O-O 8. dxc5 Bxc5
9. b4 Bd6 10. Bb2 a6 11. h3 Qe7 12. Re1 Rd8 13. Qe2 Bd7 14. a3 Rac8 15. c4 e5 16.
cxd5 Nxd5 17. Bc4 Nb6 18. e4 Nxc4 19. Nxc4 Bc7 20. Ne3 Be6 21. Rad1 f6 22. Rxd8+
Rxd8 23. Rd1 Qf7 24. Rxd8+ Bxd8 25. Qd2 Qg6 26. a4 Be7 27. b5 axb5 28. axb5 Nb4 29.
Nf5 Bxf5 30. exf5 Qxf5 31. Ba3 Qb1+ 32. Kh2 Qe4 33. Qd7 Kf8 34. Bxb4 Bxb4 35. Qd8+
Kf7 36. Qd7+ Be7 37. Nd2 Qd4 38. Qxd4 exd4  0-1

[Event "Liberec Open 2023 - A FIDE Open"]
[Site "Clarion Grandhotel Zlaty Lev, Liberec"]
[Date "2023.02.27"]
[Round "5"]
[Board "19"]
[White "Zemlicka, Vit"]
[Black "Hanisch, Paul"]
[Result "1/2-1/2"]
[WhiteElo "1900"]
[BlackElo "1683"]
[PlyCount "61"]
[EventDate "2023.02.24"]
[EventRounds "9"]
[EventCountry "CZE"]

1. e4 e5 2. Nf3 Nf6 3. Nc3 Nc6 4. d4 exd4 5. Nxd4 d5 6. Bb5 Bd7 7. exd5 Ne7 8. Bg5
Bxb5 9. Ndxb5 a6 10. Bxf6 axb5 11. Bh4 Qd7 12. Qe2 b4 13. Nb5 Ra5 14. c4 bxc3 15.
Nxc3 f6 16. Rd1 Kf7 17. Qc4 Kg6 18. O-O Nf5 19. Bg3 Nxg3 20. hxg3 Bd6 21. Rfe1 h5
22. b4 Ra3 23. Nb5 Ra6 24. Nxd6 Rxd6 25. Rd3 Rd8 26. Rde3 Rxd5 27. Re7 Qd6 28. Rxc7
b5 29. Qc2+ Kh6 30. Ree7 Rg5 31. Qe4  1/2-1/2